Aku milik siapa

Bibliographic Details
Main Author: Khairul Najiah@Gayah Binti Said
Format: Book
Published: Selangor : Lc Graphic Sdn. Bhd , 2015
Series:Siri tulus sebuah persahabatan
Subjects:

MARC

LEADER 00000cam a2200000 7i4500
001 0000059481
005 20160301.0
008 160203
020 |a 9789679717730(set) 
020 |a 9789679717747 
090 0 0 |a JF   |b MAL 
100 1 |a Khairul Najiah@Gayah Binti Said 
245 1 0 |a Aku milik siapa   |c Khairul Najiah@Gayah Binti Said 
260 |a Selangor :   |b Lc Graphic Sdn. Bhd ,   |c 2015 
490 0 |a Siri tulus sebuah persahabatan 
500 |a Children ages 7-9 years old (orange) 
650 0 |a Malay fiction 
999 |a 0001382047   |b Book   |c Children Collection   |e Cawangan Tmn. Ungku Tun Aminah 
999 |a 0001382048   |b Book   |c Children Collection   |e Cawangan Pontian 
999 |a 0001382049   |b Book   |c Children Collection   |e Cawangan Bandar Penawar 
999 |a 0001382050   |b Book   |c Children Collection   |e Cawangan Sri Merlong 
999 |a 0001382052   |b Book   |c Children Collection   |e Cawangan Mersing 
999 |a 0001382053   |b Book   |c Children Collection   |e Cawangan Kota Tinggi 
999 |a 0001382054   |b Book   |c Children Collection   |e Cawangan Bandar Tenggara 
999 |a 0001382055   |b Book   |c Children Collection   |e Cawangan Taman Sri Lambak 
999 |a 0001382056   |b Book   |c Children Collection   |e Cawangan Batu Pahat 
999 |a 0001382057   |b Book   |c Children Collection   |e Cawangan Segamat 
999 |a 0001382058   |b Book   |c Children Collection   |e Cawangan Tangkak 
999 |a 0001382059   |b Book   |c Children Collection   |e Cawangan Bukit Gambir 
999 |a 0001382060   |b Book   |c Children Collection   |e Cawangan Taman Universiti 
999 |a 0001383844   |b Book   |c Children Collection   |e Perbadanan Perpustakaan Awam Johor 
999 |a 0001383845   |b Book   |c Children Collection   |e Cawangan AEON Kulaijaya 
999 |a 0001383846   |b Book   |c Children Collection   |e Cawangan Urban Transformation Centre 
999 |a 0001383847   |b Book   |c Children Collection   |e Cawangan Urban Transformation Centre 
999 |a 0001383848   |b Book   |c Children Collection   |e Perbadanan Perpustakaan Awam Johor 
999 |a 0001383849   |b Book   |c Children Collection   |e Cawangan Pontian